[Event "AUTO-OPEN-3533"]
[Site "http://www.queenalice.com/game.php?id=1380171"]
[Date "2015.8.28"]
[Round "1"]
[White "salvador_2011"]
[Black "ktolley"]
[Result "1-0"]
[WhiteElo "1541"]
[BlackElo "1791"]

1. e4 d5 2. exd5 Qxd5 3. Nc3 Qa5 4. Nf3 Nf6 5. Bc4 e6 6. O-O Bd6 7. a3 Nc6 8. d4
e5 9. Re1 O-O 10. dxe5 Nxe5 11. Nxe5 Bxe5 12. b4 Qb6 13. Rxe5 Ng4 14. Rc5 Re8
15. Nd5 Qd6 16. Bf4 Qd8 17. Bxc7 Qh4 18. Bg3 Qg5 19. Nc7 Rd8 20. Rxg5 Rxd1+ 21.
Rxd1 h6 22. Rd8+ Kh7 23. Bd3+ g6 24. Rxg4 h5 25. Rh4 Rb8 26. Rxh5+ Kg7 27. Be5+
f6 28. Ne8+ Kf7 29. Bc4+ Ke7 30. Bxf6+ Kf8 31. Rh8# 1-0

[Event "AUTO-OPEN-3533"]
[Site "http://www.queenalice.com/game.php?id=1380172"]
[Date "2015.8.28"]
[Round "1"]
[White "ktolley"]
[Black "salvador_2011"]
[Result "1-0"]
[WhiteElo "1732"]
[BlackElo "1480"]

1. e4 e6 2. d4 d5 3. exd5 exd5 4. Nc3 Nf6 5. Nf3 Bd6 6. g3 Nc6 7. Bd3 Bg4 8. h3
Bxf3 9. Qxf3 Nxd4 10. Qe3+ Qe7 11. Qxe7+ Kxe7 12. O-O Bb4 13. a3 Bxc3 14. bxc3
Ne6 15. Re1 b6 16. c4 dxc4 17. Bxc4 Rad8 18. a4 h5 19. a5 h4 20. axb6 axb6 21.
Ba3+ Kd7 22. Bb5+ c6 23. Bf1 hxg3 24. fxg3 Kc7 25. Bb2 Ra8 26. Be5+ Kb7 27. Rxa8
Rxa8 28. Bxf6 gxf6 29. Bd3 b5 30. h4 Kc7 31. Kf2 Kd6 32. h5 1-0

[Event "AUTO-OPEN-3533"]
[Site "http://www.queenalice.com/game.php?id=1380199"]
[Date "2015.8.28"]
[Round "1"]
[White "ktolley"]
[Black "mascarade"]
[Result "1-0"]
[WhiteElo "1677"]
[BlackElo "1856"]

1. e4 e5 2. d4 exd4 3. Qxd4 d6 4. Nc3 Nc6 5. Qa4 Bd7 6. Qb5 Nd4 7. Qd3 c5 8. Nf3
Nxf3+ 9. Qxf3 Nf6 10. Bf4 Qb6 11. O-O-O Be7 12. Be2 O-O 13. Qg3 a5 14. Bxd6 Rfe8
15. e5 Bxd6 16. Rxd6 1-0

[Event "AUTO-OPEN-3533"]
[Site "http://www.queenalice.com/game.php?id=1380200"]
[Date "2015.8.28"]
[Round "1"]
[White "mascarade"]
[Black "ktolley"]
[Result "0-1"]
[WhiteElo "1840"]
[BlackElo "1742"]

1. Nf3 d5 2. d4 Nc6 3. e3 Nf6 4. Bb5 Bd7 5. O-O a6 6. Ba4 b5 7. Bb3 e6 8. a3 Bd6
9. Nc3 Ne4 10. Nxe4 dxe4 11. Nd2 e5 12. d5 Ne7 13. Nxe4 Nf5 14. Nxd6+ cxd6 15.
e4 Nd4 16. c3 Nxb3 17. Qxb3 O-O 18. Qd1 f5 19. exf5 Bxf5 20. b4 Qc7 21. Bb2 Qc4
22. a4 Bd3 23. Re1 Qxd5 24. Re3 e4 25. f3 Qf5 26. Qd2 d5 27. Rd1 Bc4 28. a5 Rf6
29. h3 exf3 30. Rxf3 Qg6 31. Rxf6 Qxf6 32. Qd4 Qxd4+ 33. Rxd4 Rf8 34. Rg4 Rf1+
35. Kh2 Rb1 36. Ba3 Rb3 37. Bc1 Rxc3 38. Bh6 Rb3 39. Bxg7 Be2 40. Rg5 Kf7 41.
Bh8 Rxb4 42. Rxd5 Re4 43. Rd7+ Re7 44. Rd8 Re8 45. Rd2 Rxh8 46. Rxe2 Re8 47.
Rf2+ Ke6 48. Rd2 b4 49. g4 b3 50. Kg3 Rb8 51. Rb2 Kd5 0-1

[Event "AUTO-OPEN-3533"]
[Site "http://www.queenalice.com/game.php?id=1393223"]
[Date "2015.11.9"]
[Round "2"]
[White "Alcar"]
[Black "ktolley"]
[Result "0-1"]
[WhiteElo "1703"]
[BlackElo "1790"]

1. d4 d5 2. c4 c6 3. Nc3 Nf6 4. Nf3 Bf5 5. Bg5 Ne4 6. e3 h6 7. Bf4 e6 8. Be2 Bb4
9. O-O Bxc3 10. bxc3 Nxc3 11. Qe1 Nxe2+ 12. Qxe2 O-O 13. h3 g5 14. Bg3 Nd7 15.
c5 b6 16. Bd6 Re8 17. Ne5 Nxe5 18. Bxe5 bxc5 19. g4 f6 20. Bg3 Bg6 21. f4 c4 22.
f5 exf5 23. gxf5 Bf7 24. a4 Re4 25. Bf2 Qe8 26. Kh2 Rxd4 27. Qc2 Rd3 28. Rfe1
Qe5+ 29. Bg3 Qxf5 30. Qe2 Re8 31. Qf2 Qxf2+ 32. Bxf2 c5 33. a5 d4 34. exd4 cxd4
35. Rxe8+ Bxe8 36. Rb1 c3 37. Rc1 Rd2 38. Kg3 c2 39. a6 d3 0-1

[Event "AUTO-OPEN-3533"]
[Site "http://www.queenalice.com/game.php?id=1393224"]
[Date "2015.11.9"]
[Round "2"]
[White "ktolley"]
[Black "Alcar"]
[Result "1-0"]
[WhiteElo "1767"]
[BlackElo "1710"]

1. e4 e5 2. d4 exd4 3. Qxd4 Nc6 4. Qa4 d6 5. Nc3 Bd7 6. Nd5 Nf6 7. Nf3 Nxd5 8.
exd5 Ne5 9. Qe4 Be7 10. Nxe5 dxe5 11. Qxe5 O-O 12. Bd3 Bd6 13. Qd4 Qe7+ 14. Qe4
Qxe4+ 15. Bxe4 Rae8 16. f3 c6 17. O-O cxd5 18. Bxd5 Bc6 19. Bxc6 bxc6 20. Rd1
Bc5+ 21. Kf1 Re7 22. Bf4 Rfe8 23. a3 h6 24. b4 Bb6 25. c4 c5 26. Bd6 Re2 27.
bxc5 Ba5 28. Rab1 Ra2 29. c6 Bb6 30. c5 Bd8 31. Rb8 1-0

[Event "AUTO-OPEN-3533"]
[Site "http://www.queenalice.com/game.php?id=1393229"]
[Date "2015.11.9"]
[Round "2"]
[White "ktolley"]
[Black "Tonto"]
[Result "1-0"]
[WhiteElo "1725"]
[BlackElo "1915"]

1. e4 e5 2. d4 Bd6 3. d5 Nf6 4. Nc3 h6 5. Nf3 a6 6. a3 Bc5 7. Nxe5 d6 8. Nd3 Bd4
9. f3 c6 10. Nf4 Nbd7 11. Qxd4 c5 12. Qf2 b5 13. Qg3 g5 14. Nd3 c4 15. Nb4 Ne5
16. f4 Nh5 17. Qf2 Ng4 18. Qd4 f6 19. h3 Ng3 20. Nc6 Qd7 21. hxg4 Nxh1 22. Qxf6
Rh7 23. e5 Rf7 24. Qxh6 Bb7 25. e6 Re7 26. Qh8# 1-0

[Event "AUTO-OPEN-3533"]
[Site "http://www.queenalice.com/game.php?id=1393230"]
[Date "2015.11.9"]
[Round "2"]
[White "Tonto"]
[Black "ktolley"]
[Result "1-0"]
[WhiteElo "1889"]
[BlackElo "1745"]

1. e4 Nc6 2. d4 e5 3. d5 Nce7 4. c4 Ng6 5. a3 Nf6 6. Nc3 Bc5 7. Nf3 Ng4 8. Be3
Bxe3 9. fxe3 Nxe3 10. Qe2 Nxf1 11. Rxf1 d6 12. b4 a5 13. b5 Bg4 14. h3 Bxf3 15.
Qxf3 c6 16. Qxf7# 1-0

[Event "Library challenge"]
[Site "http://www.queenalice.com/game.php?id=1406348"]
[Date "2016.1.27"]
[Round "-"]
[White "YelloMiata"]
[Black "ktolley"]
[Result "0-1"]
[WhiteElo "1316"]
[BlackElo "1764"]

1. e4 d5 2. Nc3 e6 3. d3 d4 4. Nce2 e5 5. b3 Bb4+ 6. Bd2 Qd6 7. c3 dxc3 8. Nxc3
a6 9. a3 Bxa3 10. Nb1 Bb4 11. Ra4 Nc6 12. Nf3 b5 13. Ra2 Nd4 14. Bc3 Nf6 15.
Bxb4 Qxb4+ 16. Qd2 Qxb3 17. Qb2 Be6 18. Nxe5 Nc2+ 19. Qxc2 Qxa2 20. Qxa2 Bxa2
21. Nc3 Bb3 22. d4 b4 23. Nd5 Bxd5 24. exd5 Nxd5 25. Bc4 Nf4 26. Kd2 Ke7 27. g3
Ng6 28. Bxf7 Nxe5 29. dxe5 Kxf7 30. f4 c5 31. Kc2 c4 32. Kd2 a5 33. Rc1 Rhd8+
34. Ke2 c3 35. f5 a4 36. e6+ Ke7 37. Rb1 b3 38. Kf2 c2 39. Rc1 a3 0-1

[Event "Another go?"]
[Site "http://www.queenalice.com/game.php?id=1435908"]
[Date "2016.8.12"]
[Round "-"]
[White "ktolley"]
[Black "YelloMiata"]
[Result "1-0"]
[WhiteElo "1764"]
[BlackElo "1316"]

1. e4 g6 2. d4 Bg7 3. Nf3 Nf6 4. e5 Ne4 5. Bd3 f5 6. exf6 Nxf6 7. c4 Nh5 8. Nc3
Nf4 9. Bxf4 d6 10. Qe2 Nc6 11. d5 Nb4 12. a3 Na6 13. Nd4 Bxd4 14. Ne4 c6 15. Rc1
cxd5 16. cxd5 O-O 17. g3 Bf5 18. Ng5 Nc5 19. Bxf5 gxf5 20. b4 Qb6 21. bxc5 Qb2
22. Qxb2 Bxb2 23. Rb1 dxc5 24. Rxb2 b6 25. O-O Rfd8 26. Re2 Rxd5 27. Rxe7 h6 28.
Ne6 c4 29. Re1 c3 30. Be5 c2 31. Nc7 Rf8 32. Nxd5 Rc8 33. Rc7 1-0

[Event "Challenge"]
[Site "http://www.queenalice.com/game.php?id=1447787"]
[Date "2016.11.3"]
[Round "-"]
[White "YelloMiata"]
[Black "ktolley"]
[Result "0-1"]
[WhiteElo "1306"]
[BlackElo "1764"]

1. e4 e5 2. d4 exd4 3. Qxd4 Nc6 4. Qd2 Nf6 5. f3 d5 6. exd5 Qxd5 7. Nc3 Qxd2+ 8.
Bxd2 Nd4 9. O-O-O Be6 10. Kb1 O-O-O 11. Be3 Nc6 12. Nge2 Rxd1+ 13. Nxd1 Nd5 14.
b3 b6 15. c4 Nxe3 16. Nxe3 g6 17. Nf4 Bg7 18. g4 Bh6 19. Nxe6 Bxe3 20. f4 Re8
21. Bg2 Rxe6 22. Bh3 Bxf4 23. g5 Kd7 24. Rd1+ Ke7 25. Bxe6 fxe6 26. h4 e5 27.
Rf1 Ke6 28. a3 Bg3 0-1

[Event "Third time's the charm."]
[Site "http://www.queenalice.com/game.php?id=1463758"]
[Date "2017.2.10"]
[Round "-"]
[White "ktolley"]
[Black "YelloMiata"]
[Result "1-0"]
[WhiteElo "1764"]
[BlackElo "1306"]

1. e4 d6 2. d4 e5 3. dxe5 dxe5 4. Qxd8+ Kxd8 5. Nf3 Bb4+ 6. Bd2 c5 7. Nxe5 Ke7
8. a3 Bxd2+ 9. Nxd2 f6 10. Nec4 b5 11. Ne3 Nc6 12. Bxb5 Nd4 13. Bc4 Be6 14. b4
f5 15. exf5 Nxf5 16. Nxf5+ Bxf5 17. O-O-O cxb4 18. Rhe1+ Kf8 19. axb4 a5 20. b5
Ne7 21. Nf3 Rc8 22. Ng5 h6 23. Ne6+ Bxe6 24. Bxe6 Rb8 25. c4 a4 26. Kb2 Ra8 27.
Ka3 g6 28. c5 Ra5 29. Kb4 Ra8 30. b6 Nf5 31. b7 Rb8 32. c6 1-0

[Event "Challenge - again"]
[Site "http://www.queenalice.com/game.php?id=1777884"]
[Date "2021.12.21"]
[Round "-"]
[White "YelloMiata"]
[Black "ktolley"]
[Result "0-1"]
[WhiteElo "1306"]
[BlackElo "1766"]

1. e4 e5 2. g3 d5 3. exd5 Qxd5 4. f3 f5 5. c4 Qa5 6. Qb3 c6 7. Qc3 Bb4 8. Qe3
Qc7 9. a3 Be7 10. d4 Nd7 11. dxe5 Bc5 12. Qg5 Qxe5+ 13. Be2 Ne7 14. f4 Qe4 15.
Qxg7 Rg8 16. Qxh7 Qxh1 17. Nd2 Qxg1+ 18. Nf1 Qf2+ 19. Kd2 Nf6 20. Qh3 Be6 21.
Kd1 O-O-O+ 22. Bd2 b5 23. Qh6 Rg6 24. Qxg6 Nxg6 25. cxb5 cxb5 26. b4 Bc4 0-1

[Event "Another game"]
[Site "http://www.queenalice.com/game.php?id=1784040"]
[Date "2022.3.5"]
[Round "-"]
[White "ktolley"]
[Black "YelloMiata"]
[Result "1-0"]
[WhiteElo "1768"]
[BlackElo "1306"]

1. e4 Nc6 2. d4 b5 3. d5 Ne5 4. Bxb5 f5 5. f4 c6 6. dxc6 Nxc6 7. Bxc6 dxc6 8.
Qxd8+ Kxd8 9. e5 h5 10. Nf3 Rh6 11. Be3 Rb8 12. b3 Rg6 13. g3 e6 14. Nc3 Bb4 15.
O-O-O+ Ke8 16. Ne2 Ba6 17. Nfd4 c5 18. Nc6 Rb6 19. Nxb4 Bxe2 20. Rd2 Rxb4 21.
Rxe2 Ne7 22. Bxc5 Rb5 23. Bxe7 Kxe7 24. Rd1 Rb8 25. Red2 a5 26. Kb2 Rf6 27.
exf6+ Kxf6 28. a3 g5 29. c3 gxf4 30. gxf4 a4 31. b4 e5 32. Rd6+ Ke7 33. fxe5 f4
34. Rf6 f3 35. Rxf3 1-0